Segunda história do cavaleiro sem medo (Record no. 45781)

MARC details
000 -Etiqueta do registo
Valores 00645cam a2200217 4500
100 ## - Dados gerais de processamento
Dados gerais 19920708d1937 km y0pory5003 ba
101 0# - Língua de publicação
Língua por
102 ## - País de publicação
País PT
200 1# - Titulo e menção de responsabilidade
Título próprio Segunda história do cavaleiro sem medo
Primeira menção de responsabilidade Virgínia de Castro e Almeida
210 #9 - Publicação
Local de publicação Lisboa
Nome do editor Edições S.P.N.,
Data de publicação 1937
215 ## - Descrição física 
Paginação / Volumes 16 p.
Dimensões 25 cm
225 2# - Colecção 
Título próprio da colecção Pátria
Indicação de volume 3
675 ## - CDU
Notação 821.134.3-34
700 #1 - Autor principal
Apelido Almeida,
Nome Virgínia de Castro e,
Datas 1874-1945
801 #0 - Fonte de origem
País PT
Agência BN
Regras de catalogação RPC
856 40 - Localização e acesso electrónico 
URL <a href="https://purl.pt/40119">https://purl.pt/40119</a>
856 41 - Localização e acesso electrónico 
URL <a href="https://purl.pt/40119/service/media/cover/low">https://purl.pt/40119/service/media/cover/low</a>
856 49 - Localização e acesso electrónico 
URL <a href="https://purl.pt/40119/service/media/pdf">https://purl.pt/40119/service/media/pdf</a>
990 ## - Elementos KOHA
Tipo de documento Livro
Holdings
Aquisição Empréstimo Código de barras Cota Permissão de empréstimo Tipo de documento Nota relativa ao exemplar
Biblioteca Municipal de Redondo Biblioteca Municipal de Redondo 057016 821.134.3-3 ALM   Livro  
Biblioteca Municipal de Redondo Biblioteca Municipal de Redondo 057017 821.134.3-3 ALM   Livro depósito
Biblioteca Municipal de Redondo Biblioteca Municipal de Redondo 057018 821.134.3-3 ALM   Livro depósito

Powered by Koha